000 00649cab a2200217 4500
001 WB3407-24
008 090401t1998 xxu||||| |||| 00| 0 eng d
035 _a(Sirsi) u84319
041 _aeng
245 _aHousing fitness standard
260 _c1998
350 _a0
490 _aDETR News Release
_v(89) 10 February 1998, (3)
520 _aThe government has published a consultation paper of proposals for changing the housing fitness standard. Responses by 27 March 1998.
650 _aGOVERNMENT PROPOSALS
650 _aHOUSING FITNESS STANDARD
650 _aUNFIT HOUSES
690 _aHOUSING
942 _n0
948 _c18/02/1998
999 _c52988
_d52988